Fr. Conceicao Rodrigues College of Engineering

MFC Internals (Record no. 35725)

MARC details
000 -LEADER
fixed length control field 00345nam a2200157Ia 4500
082 ## - DEWEY DECIMAL CLASSIFICATION NUMBER
Classification number 5.262
Item number SHE
100 ## - MAIN ENTRY--PERSONAL NAME
Personal name Shephered/George/ Wingo/ Scot
245 ## - TITLE STATEMENT
Title MFC Internals
260 ## - PUBLICATION, DISTRIBUTION, ETC.
Name of publisher, distributor, etc. Addison Wesley Pub
Place of publication, distribution, etc. NONE
Date of publication, distribution, etc. 1996
300 ## - PHYSICAL DESCRIPTION
Extent 709
546 ## - LANGUAGE NOTE
Language note ENGLISH
650 ## - SUBJECT ADDED ENTRY--TOPICAL TERM
Topical term or geographic name entry element Automobiles
654 ## - SUBJECT ADDED ENTRY--FACETED TOPICAL TERMS
Focus term MFC Internals
942 ## - ADDED ENTRY ELEMENTS (KOHA)
Koha item type BOOK
Holdings
Withdrawn status Lost status Damaged status Not for loan Collection Home library Current library Date acquired Total Checkouts Full call number Barcode Date last seen Price effective from Koha item type
        CRC Fr. Agnel's C.Rodrigues College of Engineering Fr. Agnel's C.Rodrigues College of Engineering 17/03/2023   5.262 SHE 9576 17/03/2023 17/03/2023 BOOK